| 000 | 00565nam a2200217 a 4500 | ||
|---|---|---|---|
| 001 | BRCA_7311 | ||
| 005 | 20190321142933.0 | ||
| 008 | 130612s1922----gw-#######---#000-0#ger-# | ||
| 041 | _ager | ||
| 044 | _agw | ||
| 050 | 4 | _b.R96 1922 | |
| 245 | 1 | 0 | _aRumpelstilzchen un det jloobste?. |
| 260 |
_aBerlín _bBrunnen-Verlag _cc1922 |
||
| 300 |
_a374 p. _c20 cm. |
||
| 440 | 0 |
_aRumpelstilzchen, 1922/23 _v3 _918076 |
|
| 500 | _aEstado físico : parte del libro esta intonso | ||
| 500 |
_aL100 _vCuento |
||
| 653 | 0 | _aHermanos Grim | |
| 902 | _aGFM | ||
| 942 |
_2lcc _cB |
||
| 999 |
_c6987 _d6987 |
||